000 00400nam a2200169Ia 4500
008 130318s9999 xx 000 0 und d
020 _a8120309812
082 _a658 STO/M
100 _aStoner, James A F
245 _aManagement
250 _a6
260 _bPHI Learning
_aNew Delhi
_c2001
300 _a623
650 _aMANAGEMENT
700 _aFreeman, R Edward
700 _aGilbert, Daniel R
999 _c277
_d277